000 00675nam a2200193 a 4500
001 000010154
005 20240412074215.0
008 091005s1993 dr a 001 0 spa d
040 _aDO-SdBNP
_bspa
_cBNPHU
082 _aRD861.44
_bD542e
100 1 _aDíaz, Nazarina
_925150
245 1 0 _aEn un mar de estrellas nada ni luna nueva : "Nachi Villafaña". : /
_cNazarina Díaz.
260 _aSan Francisco de Macorís, República Dominicana :
_bEditora Rafy,
_c1993.
300 _a32 p. :
_bil. ;
_c21 cm.
590 _aLa biblioteca posee dos ejemplares autografiados por el autor
650 0 _aPoesía dominicana
_966
650 0 _aLiteratura dominicana.
_967
049 _aBNPD
999 _c9913
_d9913